Top 100 Most Spoken Languages around the World - Statistics

General Stats
  • This quiz has been taken 830 times
  • The average score is 54 of 100
Answer Stats
Native Speakers Language % Correct
1,132,366,680 English
98%
534,335,730 Spanish
97%
1,116,596,640 Mandarin Chinese
96%
279,821,930 French
95%
132,176,520 German
93%
234,168,620 Portuguese
93%
258,227,760 Russian
93%
24,587,400 North Levantine Ara
92%
615,475,540 Hindi
91%
32,387,600 Algerian Arabic
90%
64,618,100 Egyptian Arabic
90%
14,524,500 Hijazi Arabic
90%
67,894,920 Italian
90%
128,350,830 Japanese
90%
15,655,900 Mesopotamian Arabic
90%
32,608,700 Moroccan Arabic
90%
22,400,000 Sa'idi Arabic
90%
11,350,000 Sanaani Arabic
90%
11,601,100 South Levantine Arabic
90%
31,940,300 Sudanese Arabic
90%
11,571,600 Tunisian Arabic
90%
273,989,700 Arabic
89%
77,264,890 Korean
86%
79,779,360 Turkish
85%
23,069,480 Dutch
84%
40,378,030 Polish
82%
12,804,900 Swedish
81%
33,082,790 Ukrainian
81%
19,092,180 Malay
80%
13,170,460 Greek
79%
15,000,000 North-eastern Thai
79%
60,657,660 Thai
79%
76,950,770 Vietnamese
79%
265,042,480 Bengali
77%
24,345,750 Romanian
76%
170,208,780 Urdu
76%
52,782,160 Iranian Persian
73%
23,808,890 Tagalog
72%
45,000,000 Filipino
71%
98,327,740 Swahili
70%
80,989,130 Tamil
67%
198,733,600 Indonesian
66%
12,574,280 Hungarian
65%
12,934,060 Kazakh
64%
13,386,850 Czech
63%
32,601,140 Eastern Punjabi
63%
17,591,230 Khmer
63%
92,725,700 Western Punjabi
63%
25,164,820 Northern Uzbek
62%
42,912,350 Burmese
59%
27,779,100 Zulu
59%
17,534,580 Afrikaans
56%
81,501,290 Wu Chinese
53%
20,850,900 Northern Pashto
52%
27,014,190 Igbo
49%
68,277,600 Javanese
48%
60,588,970 Gujarati
47%
16,321,530 Somali
47%
39,844,260 Yoruba
47%
25,880,630 Amharic
46%
24,528,840 Nepali
46%
93,040,340 Telugu
46%
95,312,800 Marathi
44%
19,183,300 Xhosa
43%
37,829,870 Malayalam
39%
63,428,100 Hausa
38%
56,463,310 Kannada
37%
14,359,000 Northern Kurdish
37%
25,164,750 South Azerbaijani
35%
50,462,190 Southern Min Chinese
29%
13,664,710 Northern Sotho
27%
24,615,591 Sindhi
27%
32,400,000 Sunda
27%
22,100,000 Gan Chinese
26%
48,467,490 Hakka Chinese
26%
13,524,520 Southern Sotho
26%
38,051,547 Odia
25%
17,534,580 Sinhala
25%
15,329,040 Assamese
24%
73,538,610 Yue Chinese
21%
15,942,480 Cebuano
20%
52,405,300 Bhojpuri
19%
37,300,000 Xiang Chinese
19%
12,120,250 Kinyarwanda
18%
34,085,000 Maithili
16%
14,359,000 Bavarian
8%
12,000,000 Cameroonian Pidgin
7%
16,300,000 Chhattisgarhi
6%
20,746,400 Magahi
6%
30,000,000 Nigerian Pidgin
6%
12,800,000 Deccan
5%
20,009,000 Saraiki
5%
13,664,710 Setswana
3%
11,800,000 Sylheti
3%
46,900,000 Jinyu Chinese
2%
14,485,000 Nigerian Fulfulde
2%
13,000,000 Chittiagonian
1%
12,486,000 Jula
1%
14,102,320 Bamanankan
0%
12,131,225 Sadri
0%
No matching quizzes found
Score Distribution
Percent of People with Each Score
Percentile by Number Answered
Your Score History
You have not taken this quiz